banner-ar

A SHORT HISTORY OF THE USSR / (Record no. 7237)

MARC details
000 -الفاتح
حقل البيانات ثابتة الطول 00527nam a2200205Ia 4500
008 - عناصر البيانات ثابتة الطول - معلومات عامة
حقل البيانات ثابتة الطول 140319s9999 xx 000 0 eng d
040 ## - مصدر الفهرسة
وكالة الفهرسة الأصلية GCL /
وكالة النسخ GCL
082 04 - رقم تصنيف ديوى العشرى
رقم التصنيف 947
رقم المادة S S
100 1# - المدخل الرئيسى - إسم شخصى
الإسم الشخصى SCHMIDT, S
245 10 - بيان العنوان
العنوان A SHORT HISTORY OF THE USSR /
بيان المسئوليه,etc SCHMIDT, S
700 1# - المدخل الاضافى - اسم شخصى
الإسم الشخصى TARNOVSKY, K.
700 1# - المدخل الاضافى - اسم شخصى
الإسم الشخصى BERKHIN, I.
700 1# - المدخل الاضافى - اسم شخصى
الإسم الشخصى SOSSINSKY, SERGEI
260 ## - PUBLICATION, DISTRIBUTION, ETC. (IMPRINT)
تاريخ النشر أو التوزيع 1987
300 ## - الوصف المادى
التعداد 20 CM ؛
أبعاد الوعاء 310 P
650 04 - المدخل الاضافى بالموضوع-مصطلح موضوعى
مصطلح موضوعي RUSSIA
650 04 - المدخل الاضافى بالموضوع-مصطلح موضوعى
مصطلح موضوعي RUSSIA - HISTORY
942 ## - عناصر المدخل الإضافي( كوها)
مصدر التصنيف او مخطط الترفيف Dewey Decimal Classification
Koha [default] item type كتاب
260 ## - PUBLICATION, DISTRIBUTION, ETC. (IMPRINT)
-- روسيا :
-- PROGRESS PUBLISHERS ،
Holdings
حالة التراجع حالة الفقد حالة تلف ليس للاعارة المكان المؤقت الموقع الحالى تاريخ الاكتساب اجمالي اﻻعارات رقم الطلب الباركود تاريخ اخر مشاهدة تاريخ تفعيل السعر نوع وعاء كوها
        مكتبة القاهرة الكبرى مكتبة القاهرة الكبرى 03/26/2014   947\S S 15000 03/26/2014 03/26/2014 كتاب
        مكتبة القاهرة الكبرى مكتبة القاهرة الكبرى 03/26/2014   947\S S 15001 03/26/2014 03/26/2014 كتاب
        مكتبة القاهرة الكبرى مكتبة القاهرة الكبرى 03/26/2014   947\S S 15002 03/26/2014 03/26/2014 كتاب

Powered By

EGPV